| 000 | 00910nam a2200301 i 4500 | ||
|---|---|---|---|
| 003 | EG-GICUC | ||
| 005 | 20260428085316.0 | ||
| 008 | 260428n1900 nyn |||fr|||| 001 0 eng d | ||
| 040 |
_aEG-GiCUC _beng _cEG-GiCUC _dEG-GiCUC _erda |
||
| 041 | _aeng | ||
| 082 | 0 | 4 |
_221 _a343.1 _bBA . C |
| 092 | 0 | 4 | _221 |
| 099 | _aLaw1 10 343.1 BA . C 1900 | ||
| 100 | 1 |
_aBassiouni, Cherif _eAuthor. |
|
| 245 | 1 | 0 |
_aCases and Materials on Criminal Law / _cCherif Bassiouni. |
| 264 | 1 |
_a[s.b] : _bStraw Enterprises, _c[1900]. |
|
| 300 |
_a407 pages ; _c24 cm |
||
| 336 |
_2rda content _atext |
||
| 337 |
_2rda media _aComputer |
||
| 338 |
_2rda carrier _aOnline Resource |
||
| 500 | _aInclude Index. | ||
| 546 | _aText in English | ||
| 650 | 1 | 4 |
_aCriminal Law - The general part _2qrmak |
| 651 | 1 | _2qrmak | |
| 856 | 4 | 0 | _uhttps://fll.law.cu.edu.eg/fulltext/bks/B10-10986.pdf |
| 905 | _a161 | ||
| 942 |
_2ddc _cBK _e21 _n0 |
||
| 999 |
_c73768 _d73768 |
||